Marki motocykli - Statystyki

Ogólne statystyki
  • Ten quiz został rozwiązany 1 788 razy
  • Średni wynik to 11 z 28
Statystyki odpowiedzi
Hint Odpowiedź % Poprawnych
26 Yamaha
92%
9 Honda
91%
24 Suzuki
85%
14 Kawasaki
82%
3 BMW
78%
16 KTM
71%
7 Ducati
53%
22 Romet
52%
8 Harley-Davidson
50%
13 Junak
42%
1 Aprilia
37%
10 Husqvarna
36%
25 Triumph
28%
23 Simson
27%
6 Derbi
25%
12 Jawa
25%
27 Zipp
21%
21 Peugeot
20%
12 Indian
17%
20 Piaggio
17%
4 Beta
16%
17 Kymco
15%
5 Cagiva
13%
18 Moto Guzzi
13%
15 Keeway
12%
19 MV Agusta
12%
2 Bajaj
11%
11 Hyosung
11%
Nie znaleziono quizów pasujących do podanych kryteriów
Rozkład punktacji
Procent ludzi z każdym wynikiem
Percentyl według liczby udzielonych odpowiedzi
Twoja historia wyników
Nie rozwiązałeś tego quizu